| 000 | 00562nam a2200217Ia 4500 | ||
|---|---|---|---|
| 003 | OSt | ||
| 005 | 20220926042902.0 | ||
| 006 | a|||||r|||| 00| 0 | ||
| 007 | ta | ||
| 008 | 220923b |||||||| |||| 00| 0 eng d | ||
| 037 | _cGeneral Book | ||
| 040 |
_aRTL _cRTL _beng |
||
| 041 |
_2eng _aeng |
||
| 082 | _aU:(B63:5), K2 | ||
| 100 |
_aSchou Axel _9346888 |
||
| 245 | 0 | _aConstruction and drawing of block diagrams | |
| 260 | _c1962 | ||
| 650 | _aGeography-Modern | ||
| 942 |
_hU:(B63:5), K2 _cGB _2CC |
||
| 999 |
_c670808 _d670808 |
||